|
|
|
|
| LEADER |
00000nam0a2200000 4500 |
| 001 |
149858 |
| 005 |
20231101221441.0 |
| 010 |
|
|
|a 9785238012261
|
| 035 |
|
|
|a (RuTPU)RU\TPU\book\162467
|
| 035 |
|
|
|a RU\TPU\book\27714
|
| 035 |
|
|
|a RU\TPU\book\46248
|
| 090 |
|
|
|a 149858
|
| 100 |
|
|
|a 20021121d2008 m y0rusy50 ca
|
| 101 |
0 |
|
|a rus
|
| 102 |
|
|
|a RU
|
| 105 |
|
|
|a y j 001zy
|
| 200 |
1 |
|
|a Статистика
|e учебное пособие для вузов
|f В. М. Гусаров, Е. И. Кузнецова
|
| 205 |
|
|
|a 2-е изд., перераб. и доп.
|
| 210 |
|
|
|a Москва
|c ЮНИТИ
|d 2008
|
| 215 |
|
|
|a 479 с.
|
| 320 |
|
|
|a Библиогр.: с. 471-472.
|
| 330 |
|
|
|a Последовательно рассмотрены общие вопросы теории статистики (сущность и задачи статистики на современном этапе, вопросы статистической методологии); макроэкономической статистики (статистики населения и рынка труда, национального богатства, ВВП и других макроэкономических показателей, уровня жизни населения и социальной сферы, системы национальных счетов); статистики предприятия (факторов и результатов деятельности в сфере производства); статистики финансов (цен, кредита, денежного обращения, страхового рынка, рынка ценных бумаг, финансов предприятий, финансовых расчетов). Представлены типовые примеры с решениями и контрольные вопросы по изучаемому материалу. Для студентов и преподавателей экономических специальностей, а также для специалистов статистических, финансово-банковских, экономических органов, страховых компаний и коммерческих структур.
|
| 451 |
|
1 |
|0 (RuTPU)RU\TPU\book\46248
|y 5-238-00206-8
|t Статистика
|o учебное пособие для вузов
|f В. М. Гусаров
|c М.
|n ЮНИТИ
|d 2002
|p 464 с.
|a Гусаров, Виктор Максимович
|
| 606 |
1 |
|
|a Статистика
|2 stltpush
|3 (RuTPU)RU\TPU\subj\56822
|9 74712
|
| 610 |
1 |
|
|a экономическая статистика
|
| 610 |
1 |
|
|a экономические индексы
|
| 610 |
1 |
|
|a макроэкономическая статистика
|
| 610 |
1 |
|
|a социальная статистика
|
| 610 |
1 |
|
|a предприятия
|
| 610 |
1 |
|
|a финансы
|
| 610 |
1 |
|
|a финансовые вычисления
|
| 610 |
1 |
|
|a учебные пособия
|
| 610 |
1 |
|
|a экономика
|
| 686 |
|
|
|a С6я73
|v LBC/SL-A
|2 rubbk
|
| 700 |
|
1 |
|a Гусаров
|b В. М.
|g Виктор Максимович
|
| 701 |
|
1 |
|a Кузнецова
|b Е. И.
|g Елена Ивановна
|
| 801 |
|
1 |
|a RU
|b 63413507
|c 20081223
|g PSBO
|
| 801 |
|
2 |
|a RU
|b 63413507
|c 20160224
|g PSBO
|
| 900 |
|
|
|a Статистика
|
| 900 |
|
|
|a Статистика и бухгалтерский учет
|
| 900 |
|
|
|a Основы статистики и бухгалтерского учета
|
| 942 |
|
|
|c BK
|
| 952 |
|
|
|a 521600
|b 080100
|b 080600
|b 080601
|
| 959 |
|
|
|a 117/20081215
|d 2
|e 0
|f АНЛ:1
|f ЧЗГЛ:1
|
| 959 |
|
|
|a 8/20100301
|d 15
|e 250,00
|f УФ:15
|